[Event "ODJM B 2014"]
[Site "Magdeburg GER"]
[Date "2014.06.13"]
[Round "8"]
[White "Röhr, Oliver"]
[Black "Schneider, Edward"]
[Result "1/2-1/2"]
[Termination "normal"]
[Board "30"]
[WhiteElo "1245"]
[BlackElo "1078"]
[PlyCount "100"]
[WhiteFideId "12987697"]
[BlackFideId "16200870"]
[EventCountry "GER"]
[EventRounds "9"]
[EventType "swiss"]
[EventDate "2014.06.07"]

1. d4 d5 2. c4 e6 3. Nc3 Nf6 4. Nf3 c5 5. dxc5 Bxc5 6. cxd5 exd5 7. Bg5 d4 8.
Ne4 Qa5+ 9. Bd2 Qb6 10. Nxc5 Qxc5 11. Rc1 Qf5 12. Nxd4 Qd7 13. Nb5 Nc6 14. Bc3
Qxd1+ 15. Rxd1 O-O 16. Bxf6 gxf6 17. Nc7 Rb8 18. Nd5 Kg7 19. e3 Be6 20. Nc3 Nb4
21. Bd3 Rbd8 22. Bb1 Rxd1+ 23. Nxd1 Nxa2 24. Bxa2 Bxa2 25. O-O Rd8 26. Nc3 Bb3
27. h3 Rd2 28. Rb1 a6 29. Ne4 Rc2 30. Nd6 Ba2 31. Ra1 Rxb2 32. Nxb7 Rb1+ 33.
Rxb1 Bxb1 34. Na5 Kf8 35. Kf1 Bd3+ 36. Ke1 Ke7 37. Kd2 Bb5 38. Kc3 Bf1 39. g4
Bxh3 40. f3 Bf1 41. Nc6+ Ke6 42. Nd8+ Ke7 43. Nc6+ Kd6 44. Nd4 Kd5 45. Kb4 Ke5
46. Kc5 a5 47. Nc6+ Ke6 48. Nd4+ Ke7 49. Nc6+ Ke6 50. Nd4+ Ke5 1/2-1/2

[Event "ODJM B 2014"]
[Site "Magdeburg GER"]
[Date "2014.06.13"]
[Round "8"]
[White "Franz, Franz Theodor"]
[Black "Groskurt, Benjamin"]
[Result "0-1"]
[Termination "normal"]
[Board "31"]
[WhiteElo "1048"]
[BlackElo "1141"]
[PlyCount "78"]
[WhiteFideId "12992674"]
[EventCountry "GER"]
[EventRounds "9"]
[EventType "swiss"]
[EventDate "2014.06.07"]

1. e4 e6 2. d4 d5 3. Nc3 dxe4 4. Nxe4 Nf6 5. Bg5 Nbd7 6. Nc3 h6 7. Bh4 c5 8.
Nf3 a6 9. Be2 Be7 10. O-O O-O 11. Re1 b6 12. Bg3 Bb7 13. Qd3 Nd5 14. Rad1 N7f6
15. Nxd5 Bxd5 16. c4 Be4 17. Qc3 Qc8 18. Ne5 Qb7 19. Bf3 Rad8 20. Qe3 Bxf3 21.
Nxf3 cxd4 22. Nxd4 Bc5 23. Qc3 Ne4 24. Qd3 Rxd4 25. Qxd4 Bxd4 26. Rxd4 Nxg3 27.
hxg3 b5 28. b3 bxc4 29. Rxc4 Rc8 30. Rd4 Rc2 31. Red1 Qb6 32. Rf4 e5 33. Rf3 e4
34. Re3 f5 35. a4 g5 36. Kh2 f4 37. gxf4 gxf4 38. Rxe4 Qxf2 39. Rg1 Qh4# 0-1

[Event "ODJM B 2014"]
[Site "Magdeburg GER"]
[Date "2014.06.13"]
[Round "8"]
[White "Fromm, Marius"]
[Black "Zimmer, Claudius"]
[Result "0-1"]
[Termination "normal"]
[Board "32"]
[WhiteElo "899"]
[BlackElo "1081"]
[PlyCount "64"]
[WhiteFideId "12993190"]
[EventCountry "GER"]
[EventRounds "9"]
[EventType "swiss"]
[EventDate "2014.06.07"]

1. e4 e5 2. Nf3 Nc6 3. Nc3 Nf6 4. Bb5 a6 5. Ba4 Bc5 6. O-O d6 7. d3 O-O 8. Bg5
h6 9. Bh4 Be6 10. Bxc6 bxc6 11. d4 exd4 12. Nxd4 Bxd4 13. Qxd4 d5 14. e5 g5 15.
exf6 gxh4 16. Qxh4 Kh7 17. Rfe1 Rg8 18. Re3 Rg6 19. Rf3 Qd7 20. Ne2 Bf5 21. Nf4
Rg4 22. Qh5 Rg5 23. Qh4 Rg4 24. Qh5 Rg5 25. Qh4 Qd6 26. g3 Qxf6 27. c3 Be4 28.
Re3 Qf5 29. Nh3 Rh5 30. Qe7 Rxh3 31. Rae1 Rxh2 32. Rxe4 Qxf2# 0-1

[Event "ODJM B 2014"]
[Site "Magdeburg GER"]
[Date "2014.06.13"]
[Round "8"]
[White "Schulze, Lukas"]
[Black "Meinschien, Nick"]
[Result "1-0"]
[Termination "normal"]
[Board "34"]
[WhiteElo "1243"]
[BlackElo "996"]
[PlyCount "127"]
[WhiteFideId "12956856"]
[BlackFideId "12989673"]
[EventCountry "GER"]
[EventRounds "9"]
[EventType "swiss"]
[EventDate "2014.06.07"]

1. e4 e5 2. Nf3 Nc6 3. Bc4 Bc5 4. c3 Nf6 5. d4 exd4 6. e5 Ng4 7. Bf4 dxc3 8.
Qc2 cxb2 9. Qxb2 Nxf2 10. Rf1 Ng4 11. e6 O-O 12. exf7+ Rxf7 13. Bxf7+ Kxf7 14.
Nh4 Qxh4+ 15. Bg3+ Bf2+ 16. Rxf2+ Nxf2 17. Qxf2+ Qf6 18. Qxf6+ Kxf6 19. Bxc7 d5
20. Bg3 Bg4 21. Nd2 Rd8 22. Nf3 d4 23. Bh4+ Kf7 24. Bxd8 Nxd8 25. Ne5+ Ke6 26.
Nxg4 Nc6 27. Nf2 Nb4 28. Rb1 a5 29. a3 Nc2+ 30. Kd2 Nxa3 31. Ra1 Nc4+ 32. Kd3
Kd5 33. Rb1 b6 34. Rb5+ Kc6 35. Kxc4 a4 36. Nd3 a3 37. Rb3 a2 38. Nb4+ Kd6 39.
Nxa2 Ke5 40. Rxb6 Ke4 41. Nc1 Ke3 42. Rb2 g5 43. Re2+ Kf4 44. Kxd4 h5 45. Re4+
Kf5 46. Re5+ Kg6 47. Ke4 h4 48. g3 hxg3 49. hxg3 Kh5 50. Ne2 Kg6 51. g4 Kf6 52.
Rf5+ Ke6 53. Rxg5 Kd6 54. Re5 Kc6 55. g5 Kd6 56. g6 Kc6 57. g7 Kd6 58. g8=Q Kc6
59. Qg6+ Kd7 60. Qg7+ Kd6 61. Qe7+ Kc6 62. Rc5+ Kb6 63. Qc7+ Ka6 64. Ra5# 1-0

[Event "ODJM B 2014"]
[Site "Magdeburg GER"]
[Date "2014.06.13"]
[Round "8"]
[White "Norf, Lasse"]
[Black "Currenti, Alessandro"]
[Result "1-0"]
[Termination "normal"]
[Board "36"]
[WhiteElo "923"]
[BlackElo "903"]
[PlyCount "61"]
[BlackFideId "12998907"]
[EventCountry "GER"]
[EventRounds "9"]
[EventType "swiss"]
[EventDate "2014.06.07"]

1. e4 e5 2. Nf3 Nc6 3. Bc4 Nf6 4. d3 Bc5 5. Nc3 O-O 6. Bg5 d6 7. Nd5 Nd4 8.
Nxd4 Bxd4 9. Rb1 c6 10. Nxf6+ Kh8 11. Qf3 h6 12. Nh7 Qe8 13. Nxf8 Qxf8 14. Be3
Be6 15. Bxe6 Bxe3 16. fxe3 Kg8 17. O-O Qe7 18. Qxf7+ Qxf7 19. Rxf7 Kh8 20. Rxb7
Re8 21. Bd7 Rf8 22. Bxc6 g5 23. Rf1 Rxf1+ 24. Kxf1 h5 25. h3 g4 26. hxg4 hxg4
27. Rxa7 d5 28. exd5 e4 29. d6 exd3 30. cxd3 g3 31. d7 1-0

[Event "ODJM B 2014"]
[Site "Magdeburg GER"]
[Date "2014.06.13"]
[Round "8"]
[White "Rößl, Mira"]
[Black "Friedrich, Laura"]
[Result "0-1"]
[Termination "normal"]
[Board "38"]
[WhiteElo "725"]
[BlackElo "1036"]
[PlyCount "50"]
[BlackFideId "12952249"]
[EventCountry "GER"]
[EventRounds "9"]
[EventType "swiss"]
[EventDate "2014.06.07"]

1. e4 e5 2. Nf3 Nc6 3. Bc4 Nf6 4. Nc3 Nxe4 5. d3 Nxc3 6. bxc3 d5 7. Bb5 Bd7 8.
Be3 Bd6 9. O-O O-O 10. d4 e4 11. Nd2 Qh4 12. h3 Bxh3 13. Re1 Bg4 14. f3 Qh2+
15. Kf1 Qh1+ 16. Ke2 Qxg2+ 17. Bf2 exf3+ 18. Ke3 Rae8+ 19. Kd3 Bf5+ 20. Ne4
Bxe4+ 21. Kd2 Qxf2+ 22. Kc1 Ba3+ 23. Kb1 Bxc2+ 24. Qxc2 Qxe1+ 25. Qc1 Qxc1# 0-1